|
|
|
|
| LEADER |
00000nam a2200000 a 4500 |
| 001 |
vtls001290616 |
| 003 |
SK-MaSNL |
| 005 |
20260301121755.0 |
| 008 |
251124s1995 PL e y 0 pol |
| 020 |
|
|
|a 8301118350
|c [850,00]
|
| 035 |
|
|
|a SNK000242265
|
| 040 |
|
|
|a SNK
|b slo
|c SNK
|e AACR2
|
| 044 |
|
|
|a PL
|
| 080 |
|
|
|a 808.4(038)
|2 1981
|
| 080 |
|
|
|a 801.323.1=84
|2 1981
|
| 245 |
1 |
|
|a Słownik języka polskiego PWN
|n [tom] 1, A - K
|c [redaktor naukowy Mieczysław Szymczak]
|
| 260 |
|
|
|a Warszawa
|b Wydawnictwo naukowe PWN
|c 1995
|
| 300 |
|
|
|a xxviii, 1033 s.
|c 24 cm
|
| 650 |
0 |
7 |
|a poľština
|2 SNK
|9 1349
|
| 650 |
0 |
7 |
|a slovníky výkladové poľské
|2 SNK
|9 294492
|
| 700 |
1 |
|
|a Szymczak, Mieczysław
|4 upr
|9 282296
|
| 919 |
|
|
|a 83-01-11835-0
|
| 999 |
|
|
|c 730592
|d 732522
|
| 952 |
|
|
|t P60, <04>, [BOOK], {604}
|a SNK
|b SNK
|y VYP
|7 0
|p 17A0072662
|o snkIC 126653/1
|i snkV 1453/97
|0 0
|1 0
|4 0
|d 1997-06-17
|l 0
|r 2005-01-02 00:00:00
|w 2026-02-23
|